000 004220000a22001570004500
003 LK-CoMWRAF
008 230817t ||||| |||| 00| 0 eng d
040 _aLK-CoMWRAF
_dLK-CoMWRAF
_eLK-CoMWRAF
041 _aeng
100 _aBagavi, S. Abdul Wahhab
245 _aTharkkaththukku Abbal
_bImam Kassaliyin Isjamum Avam
260 _bHussain Holdings
_aIndia
_c1984
300 _ap.212
650 _aTamil Text
942 _cBK
999 _c2323
_d2323